Bài giảng lý thuyết lâm sàng nội

Trình bày về cách điều trị cá bệnh lâm sàng nội như: bênh cao huyết áo, suy tim, nhồi máu cơ tim, rối loạn nhịp tim.....

में बचाया:
ग्रंथसूची विवरण
मुख्य लेखक: Ngô, Văn Truyền
स्वरूप: पुस्तक
भाषा:Undetermined
प्रकाशित: Cần Thơ Khoa Y Nha Dược 2002
विषय:
टैग : टैग जोड़ें
कोई टैग नहीं, इस रिकॉर्ड को टैग करने वाले पहले व्यक्ति बनें!
Thư viện lưu trữ: Trung tâm Học liệu Trường Đại học Cần Thơ
LEADER 00713nam a2200181Ia 4500
001 CTU_51444
008 210402s9999 xx 000 0 und d
082 |a 616.05 
082 |b Tr527 
100 |a Ngô, Văn Truyền 
245 0 |a Bài giảng lý thuyết lâm sàng nội 
245 0 |c Ngô Văn Truyền 
260 |a Cần Thơ 
260 |b Khoa Y Nha Dược 
260 |c 2002 
520 |a Trình bày về cách điều trị cá bệnh lâm sàng nội như: bênh cao huyết áo, suy tim, nhồi máu cơ tim, rối loạn nhịp tim..... 
650 |a Medicine, preventive,Internal medicine 
980 |a Trung tâm Học liệu Trường Đại học Cần Thơ